000
00356nam a2200121Ia 4500
008
191206s9999 xx 000 0 und d
090
_a
DF521.H313
245
0
_a
history of Byzantine civilization
260
_a
Praeger
260
_c
c[1971]
300
_a
"448 p. illus., plates (part col.) 27 cm."
999
_c
16167
_d
16167